| 000 | 00986naa a22002777a 4500 | ||
|---|---|---|---|
| 001 | BR8800859 | ||
| 003 | BR-BrBNA | ||
| 005 | 20240918175949.0 | ||
| 007 | ta | ||
| 008 | 230509b bl.||||| |||| 00| 0 por d | ||
| 040 |
_aBR-BrBNA _bpor _cBiblioteca Nacional de Agricultura |
||
| 041 | _a(Pt) | ||
| 072 |
_aF04 _b3830 |
||
| 090 | _aF04 BR8800859 | ||
| 100 | 1 | _aGoedert, W.J. | |
| 100 | 1 | _aRein, T.A. | |
| 100 | 1 | _aSoura, D.M.G. | |
| 111 | 1 |
_a3. Encontro Nacional de Rocha Fosfatica _cBrasilia, DF (Brazil) _d16-18 Jun 1986 |
|
| 245 | 1 | _aEficiencia agronomica de fertilizantes fosfatados nao-tradicionais | |
| 260 | 3 |
_aBrasilia, DF (Brasil): _c1986. |
|
| 500 | _a3. Encontro Nacional de Rocha Fosfatica Brasilia, DF (Brasil): 1986. p. 415-429 (BR8800859-AM)F04 | ||
| 650 | _aFERTILIZANTE FOSFATADO | ||
| 773 | 0 |
_t3. Encontro Nacional de Rocha Fosfatica _wF04 BR8800859 _gBrasilia, DF (Brasil), 1986. p. 415-429 |
|
| 909 |
_a202404 _bLucia _c55 _dLucia Elande |
||
| 942 |
_cAM _2AGRIS |
||
| 999 |
_c319000 _d319000 |
||